Techniques avancees pour l'hypertexte (Record n. 90049)
[ formato base ]
| 000 -LEADER | |
|---|---|
| fixed length control field | 02104nam a2200313Ia 4500 |
| 001 - CONTROL NUMBER | |
| control field | E0996 |
| 003 - CONTROL NUMBER IDENTIFIER | |
| control field | IT-RoPAU |
| 008 - FIXED-LENGTH DATA ELEMENTS--GENERAL INFORMATION | |
| fixed length control field | 130308s9999 xx 000 0 und d |
| 040 ## - CATALOGING SOURCE | |
| Original cataloging agency | IT-RoPAU |
| 040 ## - CATALOGING SOURCE | |
| Transcribing agency | IT-RoPAU |
| 041 ## - LANGUAGE CODE | |
| Language code of text/sound track or separate title | FRANCESE |
| 100 ## - MAIN ENTRY--PERSONAL NAME | |
| Personal name | Balpe Jean-Pierre |
| 100 ## - MAIN ENTRY--PERSONAL NAME | |
| Miscellaneous information | Codice Aut. SPICS: 44847 |
| 245 ## - TITLE STATEMENT | |
| Title | Techniques avancees pour l'hypertexte |
| 245 ## - TITLE STATEMENT | |
| Remainder of title | Techniques Avancees pour L'Hypertexte |
| 250 ## - EDITION STATEMENT | |
| Edition statement | 1a ed. |
| 260 ## - PUBLICATION, DISTRIBUTION, ETC. (IMPRINT) | |
| Place of publication, distribution, etc. | PARIS |
| 260 ## - PUBLICATION, DISTRIBUTION, ETC. (IMPRINT) | |
| Name of publisher, distributor, etc. | Hermes |
| 260 ## - PUBLICATION, DISTRIBUTION, ETC. (IMPRINT) | |
| Date of publication, distribution, etc. | 1996 [1° Ed.:1996 - Ed.Ling.Originale:1996] |
| 300 ## - PHYSICAL DESCRIPTION | |
| Extent | "288 p. (prefazione: no ; testo: 288)" |
| 500 ## - GENERAL NOTE | |
| General note | Altro Coautore è Fabrice Papy. Tecniche Avanzate per L'Ipertesto. Concetti e Definizioni: Note Storiche e problematiche D'Insieme, Finalità dell'Ipertesto, Concetti Strutturali, ipertesto e Utenti, ipertesto e reti Semantiche, Differenti Tipi di Ipertesti, Modellizzazione dei sistemi Ipertesti, Metodologia di Concezione e ingegneria dell'Ipertesto. sistemi e Modelli: Sistema Ipercard, Architettura Generale dei sistemi Ipertetsti, Sistema ipertesto Www, Sistema Marcure. Richieste e Navigazione: Ricerca e navigazione Apartire Dall'Informazione Strutturata e Non Strutturata. Aproccio Strutturale: Semantica della Struttura, Documenti Strutturati, Determinazione dei Nodi, Struttura dei Documenti, Formataggio Nei programmi di Trattamento del testo , Estrazione dei Nodi, Tecniche dell'Ipertestualizzazione, Creazione delle reti ipertesti Consultabili, convergenze delle Tecniche D'Ipertestualizzazione Automatica. Approcci Linguistici: tecnologie D'Ipertestualizzazione, Grammatica Generale, Ipertestualizzazione Linguistica. Aprroccio Statistico: Tipi di Dati, navigazione Ipertestuale, Determinazione dei temi o Polidi Raggruppamento dei Documenti. Sintesi: per Un'Analisi Funzionale dei sistemi D'Ipertesti, sintesi Informatica. Bibliografia. |
| 650 ## - SUBJECT ADDED ENTRY--TOPICAL TERM | |
| Topical term or geographic name as entry element | TECNICA DELLA MULTIMEDIALITA' |
| 650 ## - SUBJECT ADDED ENTRY--TOPICAL TERM | |
| Relator term | Codice materia Spics: 4252 |
| 700 ## - ADDED ENTRY--PERSONAL NAME | |
| Personal name | Lelu AlainSaleh Imad |
| 700 ## - ADDED ENTRY--PERSONAL NAME | |
| Miscellaneous information | Codice Aut. SPICS: 37313Codice Aut. SPICS: 44869 |
| 942 ## - ADDED ENTRY ELEMENTS (KOHA) | |
| Koha item type | LIBRO |
| 957 ## - | |
| -- | 1 |
| 999 ## - SYSTEM CONTROL NUMBERS (KOHA) | |
| -- | 1 |
| Withdrawn status | Lost status | Damaged status | Not for loan | Home library | Current library | Date acquired | Total Checkouts | Full call number | Date last seen | Price effective from | Koha item type | Public note |
|---|---|---|---|---|---|---|---|---|---|---|---|---|
| Buone Condizioni | Not For Loan | SPICS-MEDIATECA | SPICS-MEDIATECA | 08/03/2013 | E0996 | 08/03/2013 | 08/03/2013 | LIBRO | Progressivo inserimento: 19591 / N. Volumi: 1 Copie: 1 / data import: 1 marzo 2013 - By Epidotti, Trombetti, Vaglietti. |